| 000 | 01151cam a22003853a 4500 | ||
|---|---|---|---|
| 001 | 13315520 | ||
| 003 | OSt | ||
| 005 | 20140426093907.0 | ||
| 008 | 950221s1995 nyu j 000 1 eng d | ||
| 010 | _a 2003586888 | ||
| 020 | _a9780439891127 | ||
| 020 | _a0439891124 | ||
| 035 | _a(OCoLC)ocm32025253 | ||
| 040 |
_aJBL _cJBL _dSLC _dOCL _dDLC |
||
| 042 | _alccopycat | ||
| 050 |
_aPZ 7 _b.St859G29 1995 |
||
| 100 | 1 |
_aStine, R. L. _93762 |
|
| 245 | 1 | 0 |
_aMonster blood III / _cR.L. Stine. |
| 260 |
_aNew York, NY : _bScholastic Inc., _c1995. |
||
| 300 |
_a126 p. ; _c20 cm. |
||
| 490 | 1 |
_aGoosebumps ; _v#29 |
|
| 500 | _a"An Apple paperback." | ||
| 500 | _a"A Parachute Press book"--T.p. verso. | ||
| 521 | 1 | _aG4 | |
| 526 | _c640 | ||
| 650 | 0 |
_aHorror tales. _93763 |
|
| 655 | 7 |
_aFantasy fiction. _2gsafd _93053 |
|
| 655 | 7 |
_aHorror fiction. _2gsafd _93405 |
|
| 710 | 2 |
_aCopyright Paperback Collection (Library of Congress) _5DLC _9705 |
|
| 800 | 1 |
_aStine, R. L. _tGoosebumps ; _v#29. _924082 |
|
| 906 |
_a7 _bcbc _ccopycat _d2 _encip _f20 _gy-genrareb |
||
| 942 |
_2lcc _cBK |
||
| 999 |
_c42973 _d42973 |
||